| 000 | 00396cam a2200145ua 4500 | ||
|---|---|---|---|
| 041 |
_aeng _h |
||
| 082 |
_a332.0415 _bCOR/MO |
||
| 100 | _aCorry, B.A . | ||
| 245 |
_aMoney ,saving and investiments in english economics / _cCorry B.A. _hTextual Documents |
||
| 260 |
_aLondon : _bMacMillan and Company Limited , _c1962. |
||
| 300 | _a188 ; . | ||
| 504 | _a | ||
| 942 | _cBK | ||
| 999 |
_c12475 _d12475 |
||